LEADER 01253nam a2200265 u 4500 001 000000021410 003 CaOOAMICUS 005 20070226111017.0 008 950313s1954 fr u000 u fre u 035 $a10529348 040 $aPUL$bita 100 1 $aMichel, Albert,$d1877-$0(OLS)http://pul/name/15682 245 13$aLe Maître de justice d'après les documents de la Mer Morte, la littérature apocryphe et rabbinique /$cA. Michel. 260 $a[Avignon] :$bAubanel père,$c[1954] 300 $axxiii, 335, [1] p. ;$c23 cm 504 $a"Bibliographie": S. [xix]-xxiii 630 04$aDead Sea scrolls.$0(OLS)http://pul/subject/13779 850 $aPUL 852 $aPUL$W1$xSL Religione 1$y3$m1 F 32$j30034$nBK-PRI$b $qStampati$B30034$CPULBib$Z2$F30034 $H $81 852 $aPUL$W1$xDP1 Fondo Cecchetti$y53$m264 E 6$j30035$nBK-PRI$b $qFondi$B30035$CPULBib$Z2$F30035 $HPUL877 $81 941 1 $a8 941 1 $a1 961 $aINV: 178. -- Fondo Mons. Cecchetti. 996 $6245$aLe Maître de justice d'après les documents de la Mer Morte, la littérature apocryphe et rabbinique$9(OLS)http://pul/title/29986 996 $6260$a[Avignon] :$bAubanel père$9(OLS)http://pul/publisher/57125 LEADER 01437nam a2200325 u 4500 001 000000010274 003 CaOOAMICUS 005 20070226105311.0 008 941017s1992 it u000 u ita u 020 $a88-13-17463-2 035 $a10254894 040 $aPUL$bita 100 1 $aCian, Giorgio,$d1935-2022.$0(OLS)http://pul/name/10130 245 10$aCommentario breve al Codice Civile /$cGiorgio Cian, Alberto Trabucchi. 250 $a4. ed. 260 $aPadova :$bCEDAM,$c1992. 300 $axxxix, 2623 p. ;$c22 cm 490 1 $aBreviaria Iuris ;$v1 500 $aNel front.: "Con la collaborazione di B. Barel, P. Belloni Peresutti, M.A. Bianchi Pitter ... [et al.]". 610 14$aItalia.$tCodice civile.$0(OLS)http://pul/subject/33991 650 4$aDiritto civile$zItalia.$0(OLS)http://pul/subject/3770 700 1 $aTrabucchi, Alberto,$d1907-1998.$0(OLS)http://pul/name/10131 710 1 $aItalia$tCodice civile$9(Italia).$0(OLS)http://pul/name/10132 830 0$aBreviaria Iuris ;$v1.$0(OLS)http://pul/title/8521 850 $aPUL 852 $aPUL$W1$xDP2 Diritto e Scienze Sociali 1$y65$m171 C 52$j14614$nBK-PRI$qStampati$B14614$CPULBib$Z2$F14614 $H71214 $82 941 1 $a8 996 $6020$a88-13-17463-2$9(OLS)http://pul/number/13200 996 $6245$aCommentario breve al Codice Civile$9(OLS)http://pul/title/15037 996 $6260$aPadova :$bCEDAM$9(OLS)http://pul/publisher/48126